CBU Courier : No. 2 Vol. 1 Dec. 2009 (Record no. 79221)
[ view plain ]
| 000 -LEADER | |
|---|---|
| fixed length control field | 00895nam a2200169 a 4500 |
| 008 - FIXED-LENGTH DATA ELEMENTS--GENERAL INFORMATION | |
| fixed length control field | 120416s2010 ||||||||||||||||| || u |
| 050 ## - LIBRARY OF CONGRESS CALL NUMBER | |
| Classification number | CBU(05)C/2010/1/2 |
| 110 ## - MAIN ENTRY--CORPORATE NAME | |
| Corporate name or jurisdiction name as entry element | Copperbelt University |
| 245 10 - TITLE STATEMENT | |
| Title | CBU Courier : No. 2 Vol. 1 Dec. 2009 |
| Statement of responsibility, etc. | By The Copperbelt University(CBU) |
| 260 ## - PUBLICATION, DISTRIBUTION, ETC. | |
| Place of publication, distribution, etc. | Kitwe |
| Name of publisher, distributor, etc. | Copperbelt University |
| Date of publication, distribution, etc. | 2010 |
| 300 ## - PHYSICAL DESCRIPTION | |
| Extent | [various pages] |
| 350 ## - | |
| -- | 0.00 |
| 650 ## - SUBJECT ADDED ENTRY--TOPICAL TERM | |
| Topical term or geographic name entry element | COPPERBELT UNIVERSITY--PERIODICALS |
| 995 ## - | |
| -- | SPECIAL COLLECTIONS |
| -- | 0.00 |
| -- | 03006779 |
| -- | CBU-MAIN LIBRARY (Kitwe) |
| -- | 1 |
| -- | 0.00 |
| -- | CBU(05)C/2009/1/2A |
| -- | 1 |
| -- | AVAILABLE |
| -- | Jul 12, 2010 |
| -- | 03006779 |
| -- | University Collection |
| 995 ## - | |
| -- | SPECIAL COLLECTIONS |
| -- | 4908 |
| -- | CBU-MAIN LIBRARY (Kitwe) |
| -- | 0.00 |
| -- | CBU(05)C/2009/1/2B |
| -- | 2 |
| -- | AVAILABLE |
| -- | Jul 12, 2022 |
| -- | B4908 |
| -- | University Collection |
| 995 ## - | |
| -- | SPECIAL COLLECTIONS |
| -- | 4909 |
| -- | CBU-MAIN LIBRARY (Kitwe) |
| -- | 0.00 |
| -- | CBU(05)C/2009/1/2C |
| -- | 3 |
| -- | AVAILABLE |
| -- | Jul 12, 2022 |
| -- | B4909 |
| -- | University Collection |
| 999 ## - | |
| -- | 79221 |
| -- | 79221 |
No items available.